000 01274nam a2200313 a 4500
001 ebr10001983
003 CaPaEBR
006 m u
007 cr cn|||||||||
008 980911s1999 ctu sbe 001 0 eng
010 _z 98044222
020 _z0313300291 (alk. paper)
040 _aCaPaEBR
_cCaPaEBR
035 _a(OCoLC)232160838
050 1 4 _aLC1099.3
_b.M58 1999eb
082 0 4 _a370.117/0973
_221
100 1 _aMitchell, Bruce M.
245 1 0 _aEncyclopedia of multicultural education
_h[electronic resource] /
_cBruce M. Mitchell and Robert E. Salsbury.
260 _aWestport, Conn. :
_bGreenwood Press,
_c1999.
300 _aviii, 304 p.
504 _aIncludes bibliographical references (p. [293]-298) and index.
533 _aElectronic reproduction.
_bPalo Alto, Calif. :
_cebrary,
_d2013.
_nAvailable via World Wide Web.
_nAccess may be limited to ebrary affiliated libraries.
650 0 _aMulticultural education
_zUnited States
_vEncyclopedias.
650 0 _aMulticultural education
_vEncyclopedias.
655 7 _aElectronic books.
_2local
700 1 _aSalsbury, Robert E.
710 2 _aebrary, Inc.
856 4 0 _uhttp://site.ebrary.com/lib/rucke/Doc?id=10001983
_zAn electronic book accessible through the World Wide Web; click to view
999 _c5287
_d5287